NBA Stats Leaders 2024-25 Season - Statistics

General Stats
  • This quiz has been taken 475 times
  • The average score is 49 of 60
Answer Stats
PPG Answer Team % Correct
32.7 Shai Gilgeous-Alexander OKC
100%
1.8 Shai Gilgeous-Alexander OKC
100%
27.2 Anthony Edwards MIN
99%
4.1 Anthony Edwards MIN
99%
30.9 Giannis Antetokounmpo MIL
99%
12.0 Giannis Antetokounmpo MIL
99%
27.2 Jayson Tatum BOS
99%
3.6 Jayson Tatum BOS
99%
28.9 Nikola Jokic DEN
99%
10.5 Nikola Jokic DEN
99%
13.0 Nikola Jokic DEN
99%
1.8 Nikola Jokic DEN
99%
26.9 Kevin Durant PHX
98%
11.5 Trae Young ATL
98%
26.0 Devin Booker PHX
97%
26.3 Jalen Brunson NYK
97%
7.4 Jalen Brunson NYK
97%
10.3 Jalen Duren DET
97%
8.6 James Harden LAC
97%
8.5 LeBron James LAL
97%
8.9 Tyrese Haliburton IND
97%
11.0 Victor Wembanyama SAS
97%
3.8 Victor Wembanyama SAS
97%
25.6 Cade Cunningham DET
96%
9.3 Cade Cunningham DET
96%
14.1 Domantas Sabonis SAC
96%
26.3 Tyrese Maxey PHI
96%
1.8 Tyrese Maxey PHI
96%
7.5 Ja Morant MEM
95%
13.3 Karl-Anthony Towns NYK
95%
7.9 Luka Doncic LAL
94%
10.4 Rudy Gobert MIN
94%
4.5 Stephen Curry GSW
91%
7.9 Chris Paul SAS
90%
12.5 Ivica Zubac LAC
90%
1.9 Brook Lopez MIL
89%
10.4 Alperen Sengun HOU
88%
3.8 LaMelo Ball CHA
87%
1.9 Myles Turner IND
87%
1.6 Jaren Jackson Jr. MEM
86%
12.3 Walker Kessler UTAH
82%
2.4 Walker Kessler UTAH
82%
3.5 Donovan Mitchell CLE
81%
3.5 Tyler Herro MIA
81%
3.5 Derrick White BOS
80%
1.6 Evan Mobley CLE
80%
1.7 Jalen Williams OKC
79%
1.9 Daniel Gafford DAL
76%
3.5 Jordan Poole WSH
73%
3.0 Dyson Daniels ATL
68%
3.9 Malik Beasley DET
58%
3.9 Brandon Miller CHA
57%
1.6 Fred VanVleet HOU
42%
1.8 Kris Dunn LAC
31%
1.5 Kelly Oubre Jr. PHI
30%
1.5 Toumani Camara POR
15%
1.6 Donovan Clingan POR
13%
1.7 Cason Wallace OKC
11%
1.6 Goga Bitadze ORL
10%
1.4 Alex Sarr DET
2%
No matching quizzes found
Score Distribution
Percent of People with Each Score
Percentile by Number Answered
Your Score History
You have not taken this quiz